Normal view
MARC view
- Catherine E. Scott
Entry Personal Name
001 - CONTROL NUMBER
- control field: 133671
003 - CONTROL NUMBER IDENTIFIER
- control field: NUST
005 - DATE AND TIME OF LATEST TRANSACTION
- control field: 20260312103229.0
008 - FIXED-LENGTH DATA ELEMENTS
- fixed length control field: 260312|| aca||aabn | a|a d
040 ## - CATALOGING SOURCE
- Original cataloging agency: NUST
- Transcribing agency: NUST
100 ## - HEADING--PERSONAL NAME
- Personal name: Catherine E. Scott
670 ## - SOURCE DATA FOUND
- Source citation: Work cat.: (NUST): Catherine E. Scott., The Biogeochemical Impacts of Forests and the Implications for Climate Change Mitigation /, 2014.
